00425nam a2200169Ia 4500003000400000008004100004040001600045082001300061100002200074245004500096700001700141260003800158300001000196650001500206650001200221650002200233GCL140319s9999 xx 000 0 eng d aGCL / cGCL04a843bP F1 aPIRANDELLO, LUIGI10aFEU MATHIAS PASCAL / cPIRANDELLO, LUIGI1 aBIGOT, HENRY a[S.N] : bCALMANN- LEVY ، c1965 a284 P04aLITERATURE04aFICTION04aFRENCH LITERATURE